000 00566nam a22002057a 4500
003 0
005 20251113124857.0
008 251113b xxu||||| |||| 00| 0 eng d
020 _a978-0-06-245886-5
050 _aPZ 7
_b.C37 2016
100 _aCass, Kiera,
_eauthor.
245 _aThe Crown /
_cKiera Cass.
260 _aNew York, NY :
_bHarperCollins Publisher,
_c2016.
300 _a279 pages ;
_c21 cm.
650 _aPrincesses
_xFiction.
650 _aSocial classes
_xFiction.
650 _aMarriage
_xFiction.
650 _aLove
_xFiction.
942 _2lcc
_cBK
999 _c368621
_d368621